Hamilton Characters by Broadway Actor! - Statistics

General Stats
  • This quiz has been taken 54 times
  • The average score is 8 of 10
Answer Stats
Hint Answer % Correct
Lin-Manuel Miranda Alexander Hamilton
100%
Leslie Odom Jr. Aaron Burr
84%
Renée Elise Goldberry Angelica Schuyler
84%
Phillipa Soo Eliza Schuyler
82%
Daveed Diggs Marquis de Lafayette/Thomas Jefferson
80%
Jasmine Cephas Jones Peggy Schuyler/Maria Reynolds
80%
Christopher Jackson George Washington
76%
Okieriete Onaodowan Hercules Mulligan/James Madison
74%
Anthony Ramos John Laurens/Philip Hamilton
74%
Jonathan Groff King George III
52%
No matching quizzes found
Score Distribution
Percent of People with Each Score
Percentile by Number Answered
Your Score History
You have not taken this quiz